00325nam a2200145Ia 4500008004100000041000800041082001300049100001500062245002000077250001200097260002500109300000800134365000800142700002900150230718s9999 xx 000 0 und d aeng a530bRES aResnick R. aPhysics Part II a5th ed. c1983bJohn Wiley Pub a710 cRs. aResnick R. & Halliday D.